| 000 | 00597nam a2200181Ia 4500 | ||
|---|---|---|---|
| 008 | 090630s9999 xx 000 0 und d | ||
| 082 | _b17629 | ||
| 100 | _aबेडेकर विश्राम. | ||
| 245 |
_aरणांगण. _cबेडेकर विश्राम. |
||
| 260 | _bदेशमुख आणि कंपनी. | ||
| 300 | _a0 | ||
| 600 | _aबेडेकर विश्राम. | ||
| 630 | _aरणांगण. | ||
| 655 | _aकादंबरी. | ||
| 700 | _aबेडेकर विश्राम. | ||
| 730 | _aरणांगण. | ||
| 942 | _cBOOK | ||
| 999 |
_c269485 _d269485 |
||